Estatísticas para Capitais mundiais mais próximas de Amsterdã - Corrida de 15 segundos

Clique aqui para jogar o quiz

Estatísticas Gerais

  • Esse quiz foi jogado 19 vezes
  • A pontuação média é 4 de 20

Estatísticas das Respostas

kmcapital% Correto
173Bruxelas
80%
430Paris
67%
578Berlim
60%
358Londres
60%
622Copenhaga
27%
756Dublin
27%
914Oslo
27%
319Luxemburgo
20%
936Viena
13%
631Berna
7%
1125Estocolmo
7%
1126Andorra-a-Velha
0%
987Bratislava
0%
989Liubliana
0%
979Mônaco
0%
713Praga
0%
1091San Marino
0%
670Vaduz
0%
1098Varsóvia
0%
1086Zagreb
0%

Distribuição das Pontuações

Percentil de Números Respondidos

Porcentagem de Pessoas com Cada Pontuação

Sua Pontuação Histórica

Você não jogou esse quiz